Countries with more than 1% of the Global Coastline - Statistics

General Stats
  • This quiz has been taken 439 times
  • The average score is 10 of 12
Answer Stats
Percentage (%) Country % Correct
17,39 Canada
99%
3,24 Russia
99%
1,71 United States of America
98%
2,22 Australia
96%
4,71 Indonesia
95%
1,25 China
94%
2,56 Japan
91%
1,07 United Kingdom
85%
2,16 Norway
83%
3,12 Philippines
77%
1,3 New Zealand
69%
1,18 Greece
58%
No matching quizzes found
Score Distribution
Percent of People with Each Score
Percentile by Number Answered
Your Score History
You have not taken this quiz